000 00389nab a2200145Ia 4500
003 ES-SlBCS
005 20210601124257.0
008 140529s1951 xxu||||| |||| 00| 0 eng d
041 _aeng
100 1 _aGannon, Robert
_9138959
245 0 4 _aThe Mediator
_c Robert Gannon
650 0 4 _aMediador
_9138960
773 0 _tDominicana
_gvol. 36, nº. 2, 1951, págs. 89-96
_wRev1398
942 _cAR
999 _c512173
_d512173